Chansons de Guns N' Roses - Mort Subite - Statistiques

Statistiques générales
  • Ce quiz a été pris 123 fois
  • Le résultat moyen est 14 sur 20
Answers on the Grid
Answers color-coded by a green-red scale on the quiz's grid according to % correct below.
Back Off Bitch
Bad Apples
Breed
Chinese Democracy
Civil War
Creep
Dead Horse
Don't Cry
Estranged
Fat Bottomed Girls
Iron Man
It's So Easy
Just
Knockin' On Heaven's Door
Korean Democracy
Lithium
Live And Let Die
Nightrain
November Rain
Numb
Paradise City
Patience
Queen Bitch
Rocket Queen
Save Me
Somewhere I Belong
Sweet Child O' Mine
The Garden
The Man Who Sold The World
Tie Your Mother Down
Welcome To The Jungle
Yesterdays
You Could Be Mine
 
Statistiques - réponses
Réponse % Correct
Welcome To The Jungle
92%
Knockin' On Heaven's Door
91%
Sweet Child O' Mine
91%
November Rain
90%
Paradise City
88%
Don't Cry
85%
Civil War
79%
You Could Be Mine
76%
Live And Let Die
67%
Patience
67%
Estranged
63%
Chinese Democracy
60%
Nightrain
60%
It's So Easy
59%
Rocket Queen
54%
Yesterdays
53%
Bad Apples
47%
Back Off Bitch
44%
Dead Horse
44%
The Garden
44%
Aucun quiz correspondant
Distribution des résultats
% des personnes avec chaque résultat
Percentile par nombre de réponses
Votre historique - résultats
Vous n’avez pas pris ce quiz